Undertale OST - Statistics

General Stats
  • This quiz has been taken 62 times
  • The average score is 55 of 101
Answer Stats
Ost Number Track Title % Correct
068 Death by Glamour
88%
100 Megalovania
88%
015 sans.
88%
077 ASGORE
80%
036 Dummy!
80%
050 Metal Crusher
80%
001 Once Upon a Time
80%
046 Spear of Justice
80%
031 Waterfall
80%
048 Alphys
76%
024 Bonetrousle
76%
010 Ghost Fight
76%
014 Heartache
76%
005 Ruins
76%
079 Your Best Nightmare
76%
004 Fallen down
72%
085 Fallen Down (Reprise)
72%
012 Home
72%
013 Home (Music Box)
72%
072 Song That Might Play When You Fight Sans
72%
002 Start Menu
72%
071 Undertale
72%
098 Battle Against a True Hero
68%
065 CORE
68%
090 His Theme
68%
087 Hopes and Dreams
68%
016 Nyeh Heh Heh!
68%
059 Spider Dance
68%
030 Undyne
68%
003 Your Best Friend
68%
076 Bergentrückung
64%
021 Dogsong
64%
099 Power of -NEO-
64%
023 Shop
64%
038 Spooktune
64%
043 Temmie Village
64%
084 Amalgam
60%
051 Another Medium
60%
035 Bird That Carries You Over A Disproportionately Small Gap
60%
095 Bring It In, Guys!
60%
011 Determination
60%
054 Hotel
60%
022 Snowdin Town
60%
006 Uwa!! So Temperate♫
60%
055 Can You Really Call This A Hotel I Didn't Receive A Mint On My Pillow Or Anything
56%
009 Enemy Approaching
56%
080 Finale
56%
069 For the Fans
56%
083 Here We are
56%
081 An Ending
52%
101 Good Night
52%
045 NGAHHH!!
52%
089 SAVE the World
52%
017 Snowy
52%
053 Stronger Monsters
52%
064 CORE Approach
48%
049 Its Showtime!
48%
070 Long Elevator
48%
093 Menu (Full)
48%
047 Ooo
48%
037 Pathetic House
48%
033 Quiet Water
48%
039 Spookwave
48%
044 Tem Shop
48%
008 Unnecessary Tension
48%
060 Wrong Enemy
48%
078 You Idiot
48%
075 Barrier
44%
040 Ghouliday
44%
063 It's Raining Somewhere Else
44%
092 Reunited
44%
032 Run!
44%
052 Uwa!! So Heats!!?
44%
018 Uwa!! So Holiday♫
44%
007 Anticipation
40%
088 Burn in Despair!
40%
025 Dating Start
40%
026 Dating Tense
40%
019 Dogbass
40%
062 Oh! Dungeon
40%
027 Dating Fight
36%
058 Death Report
36%
091 Final Power
36%
057 Live Report
36%
020 Mysterious Place
36%
061 Oh! One True Love
36%
042 Thundersnail
36%
097 But the Earth Refused to Die
32%
029 Danger Mystery
32%
066 Last Episode!
32%
096 Last Goodbye
32%
067 Oh My...
32%
028 Premonition
32%
094 Respite
32%
074 Small Shock
32%
041 Chill
28%
056 Confession
28%
086 Don't Give Up
28%
034 Memory
28%
082 She's Playing Piano
28%
073 The Choice
28%
No matching quizzes found
Score Distribution
Percent of People with Each Score
Percentile by Number Answered
Your Score History
You have not taken this quiz